Visual Data Storytelling with Tableau/ (Record no. 189938)

MARC details
000 -LEADER
fixed length control field 00587nam a2200181 4500
005 - DATE AND TIME OF LATEST TRANSACTION
control field 20220714163114.0
010 ## - LCCN (DPL NO)
LC control number ENG-133580
020 ## - INTERNATIONAL STANDARD BOOK NUMBER
Terms of availability 799.00
International Standard Book Number 9789353063597
035 ## - SYSTEM CONTROL NUMBER
System control number EN-117112
037 ## - SOURCE OF ACQUISITION
Source of stock number/acquisition DBAD/PUB
082 ## - DEWEY DECIMAL CLASSIFICATION NUMBER
Classification number 001.4226
100 ## - MAIN ENTRY--PERSONAL NAME
Personal name Ryan,Lindy
245 ## - TITLE STATEMENT
Title Visual Data Storytelling with Tableau/
Statement of responsibility, etc by Lindy Ryan
260 ## - PUBLICATION, DISTRIBUTION, ETC. (IMPRINT)
Place of publication, distribution, etc Noida,
Name of publisher, distributor, etc Pearson India Education Services
Date of publication, distribution, etc 2018
270 ## - ADDRESS
Address 15thFloor, Tower-B, World Trade Tower, Plot No.1, Block-C, Sector 16
City Noida
Postal code 201301
300 ## - PHYSICAL DESCRIPTION
Extent 244p.:
Dimensions 23m(pbk)
Other physical details ill.
942 ## - ADDED ENTRY ELEMENTS (KOHA)
Source of classification or shelving scheme Dewey Decimal Classification
Item type English Books
Classification part 001.4226
Call number suffix RYN
Holdings
Withdrawn status Lost status Not for loan Collection code Home library Current library Date acquired Source of acquisition Cost, normal purchase price Full call number Barcode Copy number Cost, replacement price Koha item type
      Non-fiction Bawana Bawana 14/07/2022 DBAD/PUB 799.00 001.4226 RYN EN-117112 1 799.00 English Books

© Delhi Public Library
Hit Counter
free hit counter